000 00517nam a2200181Ia 4500
003 GCL
008 140319s9999 xx 000 0 eng d
040 _aGCL /
_cGCL
082 0 4 _a526\B M
100 1 _aBUTTENFIELD, BARBARA
245 1 0 _aMAP GENERALZATION: MAKING RULES FOR KNOWLEDGE REPRESENTATION /
_cBUTTENFIELD, BARBARA
700 1 _aMCMASTER, ROBERT B
260 _a[S.N] :
_bLONFMSN SCIENTIFIC TECHNICAL ،
_c1991
300 _a245 P
650 0 4 _aCARTOGRAPHY
650 0 4 _aCONFERENCES
942 _2ddc
_cBK
999 _c22276
_d22276